Same but different #7 - Statistics

General Stats
  • This quiz has been taken 30 times
  • The average score is 11 of 15
Answer Stats
Hint Answer % Correct
Colour of the 'Cliffs of Dover', or the surname of a Cluedo female White
96%
The centre of a dartboard, or the name of Bill Sikes' dog, in Oliver Twist Bullseye
91%
A 'hooky' illegal copy of DVDs etc, or, a sea-bandit Pirate
91%
Gales for example, or, flatulence Wind
87%
The group, who sang 'Tiger Feet', but is also wet, gloopy, soil Mud
83%
A specific fever ; or a shade of red Scarlet
83%
A hanging decoration, in a nursery, or shortened term for your cellphone Mobile
78%
End of school party, or, the seafront Prom
70%
A device, used in highway planning, at busy junctions, or a carousel! Magic! Roundabout
70%
Rancher or Roger? Jolly
65%
Range of different colours and hues, or slang for sunglasses Shades
65%
A famous painter, first name, John; or the entry 'rank' of UK Police Forces Constable
61%
A thumb tack, or a skittle Pin
61%
New on the scene, or a literary work, by Barbara Cartland, for example Novel
57%
A place on Merseyside, or the surname of the most famous ukulele player, in the world Formby
22%
No matching quizzes found
Score Distribution
Percent of People with Each Score
Percentile by Number Answered
Your Score History
You have not taken this quiz